000 00836nam a2200289 a 4500
001 4942
003 BD-RjUL
005 20211208234000.0
008 13 t1958 enk 001 0 eng
035 _a(BD-RjUL)4978
035 _acl
040 _aDLC
_cFUB
_dm.c
_dBD-RjUL
_beng
041 _aeng
082 0 4 _216
_a345.410092
_bWIS 1958
100 1 _aWilliams, Glanville Llewelyn,
_d1911-1997.
_915573
245 1 4 _aThe sanctity of life and the criminal law /
_cby Glanville Williams
260 _aLondon :
_bFaber and Faber,
_cc1958.
300 _a319 p. ;
_c23 cm.
504 _aIncludes index.
650 0 _aInfanticide
_915574
650 0 _aBirth control
_915575
650 0 _aArtificial insemination, Human
_915576
650 0 _aAbortion
_91880
650 0 _aSuicide
_915577
650 0 _aEuthanasia
_915578
942 _2ddc
_cBK
999 _c4942
_d4942